00589nam a2200181Ia 450000500170000000800410001704000190005804100120007708200160008910000160010524501190012126000570024030000170029744000450031450400190035965000190037885000100039720230601134424.0131103s9999 xx 000 0 und d aLoreto College aEnglish a954.03bDUT aDutt,Romesh 4aThe economic history of India Vol Ib under early British rule cRomesh Dutt, critical introduction by D.R.Gadgil aDelhibThe Publications Divisionc1960 (Caitra 1882) axxxv,312 p.  aClassics of Indian History and Economics aIncludes index aModern History aLCLIB